Die Bibel - Altes Testament (Evangelisch) - Statistiken

Allgemein
  • Dieses Quiz wurde 318 mal gespielt
  • Das Durchschnittsergebnis liegt bei 23 aus 39
Antwortstatistiken
Bücher % Korrekt
Genesis
92%
Exodus
83%
Das Buch Rut
77%
Die Psalmen
77%
Der Prophet Jesaja
74%
Levitikus
72%
Der Prophet Jeremia
69%
Das Buch Hiob
68%
Numeri
67%
Das Buch Josua
65%
Buch der Richter
64%
Das erste Buch der Könige
64%
Das zweite Buch der Könige
64%
Deuteronomium
64%
Das Buch Esther
62%
Das erste Buch Samuel
61%
Das zweite Buch Samuel
61%
Der Prophet Daniel
61%
Das Hohe Lied
59%
Die Sprüche
58%
Das Buch Esra
57%
Das erste Buch der Chronik
57%
Das zweite Buch der Chronik
57%
Der Prophet Jona
57%
Der Prophet Hesekiel
56%
Das Buch Nehemia
52%
Der Prophet Habakuk
52%
Die Klagelieder
51%
Der Prediger
49%
Der Prophet Amos
49%
Der Prophet Maleachi
49%
Der Prophet Micha
46%
Der Prophet Obadja
46%
Der Prophet Hosea
42%
Der Prophet Joel
41%
Der Prophet Nahum
41%
Der Prophet Zefanja
38%
Der Prophet Haggai
37%
Der Prophet Sacharja
37%
Keine übereinstimmenden Quizze gefunden
Verteilung der Resultate
Anzahl Personen mit jedem Resultat
Perzentil nach korrekt beantworteten Fragen
Ihre Resultats-Entwicklung
Sie haben dieses Quiz noch nicht gespielt